00268 a2200097 450000100060000008200190000610000190002524500860004426000310013030000090016163252 a941.3510005 UK aUK GOVT LONDON aUK 2004 The Official year book of the UK of Great Britin and new irelandhEnglish aLondon, UKbUK Govt London a522p